000 00353pab a2200145 454500
008 180718b1989 xxu||||| |||| 00| 0 eng d
100 _aSengupta, P.R.
245 _aNew approach to vocational and technical education
260 _c1989
300 _a4-8,28
362 _a1 May
650 _aVocational Education
773 _aYojana
909 _a20306
999 _c20306
_d20306